| 000 | 01365nam a2200289Ia 4500 | ||
|---|---|---|---|
| 999 |
_c5462 _d5462 |
||
| 003 | OSt | ||
| 005 | 20200610123433.0 | ||
| 008 | 191128s2008 mx ad gr 000 0dspa d | ||
| 020 | _a9789681683436 | ||
| 040 |
_aCO-JMCR _cCO-JMCR |
||
| 041 | 0 | _aspa | |
| 082 | 0 | 4 |
_a330.122 / _bL864l _223 |
| 100 | 1 |
_aLópez Gallardo, Julio, _eautor _95378 |
|
| 245 | 1 | 3 |
_aLa economía de Michal Kalecki y el capitalismo actual : _bensayos de teoría económica y economía aplicada / _cJulio López Gallardo |
| 250 | _aPrimer edición | ||
| 260 |
_aMéxico : _bFondo de Cultura Económica : Universidad Nacional Autónoma de México, _c2008. |
||
| 300 |
_a295 páginas : _bgráficos a blanco y negro ; _c21 cm. |
||
| 490 | 0 | _aSección de obras de economía. Economía | |
| 500 | _aIncluye datos biográficos del autor en la cubierta Incluye. | ||
| 504 | _aBibliografía al final de cada capítulo. | ||
| 505 | _aKalecki, Marx y la "otra" teoría de la demanda efectiva -- Kalecki y Keynes. Dos versione de la teoría de la demanda efectiva -- Crisis económicas en América Latina. Algunas consideraciones a la luz de la teoría de M. Kalecki -- Ahorro privado | ||
| 650 | 1 | 4 |
_aKalecki, Michal _95379 |
| 650 | 2 | 4 |
_aCrítica e interpretación _95380 |
| 650 | 2 | 4 |
_aCapitalismo _xNueva economía _95381 |
| 650 | 2 | 4 |
_aEconomía _xTeoría económica _95382 |
| 942 |
_2ddc _cBK |
||